Stress, traumatismes et insomnies (Record no. 61410)
[ view plain ]
| 000 -LEADER | |
|---|---|
| fixed length control field | 01110nam a2200301 a 4500 |
| 100 1# - MAIN ENTRY--AUTHOR NAME | |
| Personal name | Fresco, Jean-Pierre. |
| 245 10 - TITLE STATEMENT | |
| Title | Stress, traumatismes et insomnies |
| 260 ## - PUBLICATION, DISTRIBUTION, ETC. (IMPRINT) | |
| Place of publication | Paris : |
| Name of publisher | EDP Sciences, |
| Year of publication | 2012. |
| 300 ## - PHYSICAL DESCRIPTION | |
| Number of Pages | xiii, 129 p. |
| 650 #0 - SUBJECT ADDED ENTRY--TOPICAL TERM | |
| Topical Term | Sleep deprivation. |
| Topical Term | Insomnia. |
| Topical Term | Stress (Physiology) |
| 856 40 - ELECTRONIC LOCATION AND ACCESS | |
| Uniform Resource Identifier | http://site.ebrary.com/lib/rucke/Doc?id=10667718 |
No items available.
